| 000 -LEADER |
| fixed length control field |
00669pam a2200217 a 4500 |
| 001 - CONTROL NUMBER |
| control field |
4597 |
| 003 - CONTROL NUMBER IDENTIFIER |
| control field |
BD-DhUAP |
| 005 - DATE AND TIME OF LATEST TRANSACTION |
| control field |
20210117143417.0 |
| 008 - FIXED-LENGTH DATA ELEMENTS--GENERAL INFORMATION |
| fixed length control field |
200123s1990 ph ab b 001 0 eng |
| 040 ## - CATALOGING SOURCE |
| Original cataloging agency |
DLC |
| Transcribing agency |
DLC |
| Modifying agency |
BD-DhUAP |
| 082 00 - DEWEY DECIMAL CLASSIFICATION NUMBER |
| Classification number |
338.9 ECO |
| Edition number |
23 |
| 110 ## - MAIN ENTRY--CORPORATE NAME |
| Corporate name or jurisdiction name as entry element |
Asian Development Bank. |
| 245 00 - TITLE STATEMENT |
| Title |
Economic policies for sustainable development. |
| 260 ## - PUBLICATION, DISTRIBUTION, ETC. |
| Place of publication, distribution, etc. |
Manila : |
| Name of publisher, distributor, etc. |
Asian Development Bank, |
| Date of publication, distribution, etc. |
c1990. |
| 300 ## - PHYSICAL DESCRIPTION |
| Extent |
xix, 253 pages : |
| Other physical details |
illustrations ; |
| Dimensions |
25 cm. |
| 440 #0 - SERIES STATEMENT/ADDED ENTRY--TITLE |
| Title |
Economy & environment ; |
| Volume/sequential designation |
7 |
| 650 #0 - SUBJECT ADDED ENTRY--TOPICAL TERM |
| Topical term or geographic name entry element |
Sustainable development |
| General subdivision |
Case studies. |
| 650 #0 - SUBJECT ADDED ENTRY--TOPICAL TERM |
| Topical term or geographic name entry element |
Environmental policy |
| General subdivision |
Case studies. |
| 700 1# - ADDED ENTRY--PERSONAL NAME |
| Personal name |
Sterner, Thomas, |
| Dates associated with a name |
1952- |
| 942 ## - ADDED ENTRY ELEMENTS (KOHA) |
| Source of classification or shelving scheme |
|
| Koha item type |
Book |